header

Steel detailers' manual (Record no. 222952)

MARC details
000 -LEADER
fixed length control field 01441nam a2200373Ia 4500
082 04 - DEWEY DECIMAL CLASSIFICATION NUMBER
Classification number 624.1/821
100 1# - MAIN ENTRY--AUTHOR NAME
Personal name Hayward, Alan
245 10 - TITLE STATEMENT
Title Steel detailers' manual
250 ## - EDITION STATEMENT
Edition statement 3rd ed. /
260 ## - PUBLICATION, DISTRIBUTION, ETC. (IMPRINT)
Place of publication Oxford :
Name of publisher Wiley-Blackwell,
Year of publication 2011.
300 ## - PHYSICAL DESCRIPTION
Number of Pages vi, 169 p. :
Other physical details ill.
650 #0 - SUBJECT ADDED ENTRY--TOPICAL TERM
Topical Term Steel, Structural
Topical Term Building, Iron and steel
Topical Term Building, Iron and steel
700 1# - ADDED ENTRY--PERSONAL NAME
Personal name Weare, Frank.
Personal name Oakhill, Anthony.
856 40 - ELECTRONIC LOCATION AND ACCESS
Uniform Resource Identifier http://site.ebrary.com/lib/rucke/Doc?id=10510440

No items available.

© 2026 Rongo University
Contact us: librarian | system librarian | Rongo university